000
00254nam a22001217a 4500
008
180104b xxu||||| |||| 00| 0 eng d
041
_a
eng
080
_a
33
100
_a
58
101
_a
58
245
_a
BUSINESS CYCLES
_c
WESLEY.C.M
942
_2
udc
_c
BK
999
_c
39679
_d
39679